Advances in protein chemistry Vol. 14

Enregistré dans:
Détails bibliographiques
Autres auteurs: Anfinsen, Christian Boehmer, 1916-1995 (Éditeur intellectuel), Anson, M.L (Éditeur intellectuel), Bailey, Kenneth (Éditeur intellectuel)
Format: Livre
Langue:anglais
Publié: New York Academic Press 1959
Sujets:
Accès en ligne:Voir à l'OPAC
Tags: Ajouter un tag
Pas de tags, Soyez le premier à ajouter un tag!

MARC

LEADER 00000nam a2200000 a 4500
005 20260127133952.0
008 090306 1959 xxu 000 0 eng d
035 |a vtls009480758 
039 9 |a 201602221056  |b AUTHORITY  |c 200903061331  |d mschk03  |y 200903061241  |z mschk03 
040 |a STUSCHK1  |b slo  |c STUSCHK1  |e AACR2 
080 |a 547 
080 |a 577.1 
080 |a 54 
245 1 |a Advances in protein chemistry  |n Vol. 14  |c edited by C.B. Anfinsen, M.L. Anson, Kenneth Bailey 
260 |a New York  |b Academic Press  |c 1959 
300 |a 520 s.  |b il.  |c 23 cm 
650 0 |a biochémia 
700 1 |a Anfinsen, Christian Boehmer,  |d 1916-1995  |4 edt  |9 8 
700 1 |a Anson, M.L.  |4 edt 
700 1 |a Bailey, Kenneth  |4 edt 
910 |a SCHK95 
999 |c 1122  |d 1122